Pokémon TCG : Méga-Évolution (ME01) - Statistiques

Statistiques générales
  • Ce quiz a été pris 8 fois
  • Le résultat moyen est 56 sur 188
Statistiques - réponses
Numéro Rareté Énergie Pokémon % Correct
001/132 Commune Plante Bulbizarre
67%
133/132 Illustration rare Plante Bulbizarre
67%
002/132 Peu commune Plante Herbizarre
67%
134/132 Illustration rare Plante Herbizarre
67%
003/132 Double rare Plante Méga-Florizarre EX
67%
155/132 Ultra rare Plante Méga-Florizarre EX
67%
177/132 Illustration spéciale rare Plante Méga-Florizarre EX
67%
035/132 Commune Eau Blizzi
50%
140/132 Illustration rare Eau Blizzi
50%
008/132 Commune Plante Germignon
50%
116/132 Peu commune Dresseur Gong de Combat
50%
168/132 Ultra rare Dresseur Gong de Combat
50%
059/132 Commune Psy Kirlia
50%
101/132 Peu commune Dragon Latios
50%
086/132 Double rare Obscurité Méga-Absol EX
50%
161/132 Ultra rare Obscurité Méga-Absol EX
50%
180/132 Illustration spéciale rare Obscurité Méga-Absol EX
50%
036/132 Double rare Eau Méga-Blizzaroi EX
50%
157/132 Ultra rare Eau Méga-Blizzaroi EX
50%
060/132 Double rare Psy Méga-Gardevoir EX
50%
159/132 Ultra rare Psy Méga-Gardevoir EX
50%
178/132 Illustration spéciale rare Psy Méga-Gardevoir EX
50%
187/132 Méga hyper rare Psy Méga-Gardevoir EX
50%
104/132 Double rare Incolore Méga-Kangourex EX
50%
164/132 Ultra rare Incolore Méga-Kangourex EX
50%
182/132 Illustration spéciale rare Incolore Méga-Kangourex EX
50%
077/132 Double rare Combat Méga-Lucario EX
50%
160/132 Ultra rare Combat Méga-Lucario EX
50%
179/132 Illustration spéciale rare Combat Méga-Lucario EX
50%
188/132 Méga hyper rare Combat Méga-Lucario EX
50%
076/132 Commune Combat Riolu
50%
058/132 Commune Psy Tarsal
50%
054/132 Commune Psy Abra
33%
056/132 Rare Psy Alakazam
33%
083/132 Commune Combat Amassel
33%
110/132 Peu commune Incolore Argouste
33%
153/132 Illustration rare Incolore Argouste
33%
166/132 Ultra rare Dresseur Ballon
33%
043/132 Peu commune Eau Beldeneige
33%
007/132 Peu commune Plante Bouldeneu
33%
011/132 Peu commune Plante Caratroc
33%
136/132 Illustration rare Plante Caratroc
33%
021/132 Commune Feu Chamallot
33%
112/132 Commune Incolore Chelours
33%
173/132 Ultra rare Dresseur Civière Nocturne
33%
132/132 Peu Commune Dresseur Compassion de Timmy
33%
176/132 Ultra rare Dresseur Compassion de Timmy
33%
186/132 Illustration spéciale rare Dresseur Compassion de Timmy
33%
119/132 Peu commune Dresseur Détermination de Lilie
33%
169/132 Ultra rare Dresseur Détermination de Lilie
33%
184/132 Illustration spéciale rare Dresseur Détermination de Lilie
33%
049/132 Commune Électrique Dynavolt
33%
130/132 Commune Dresseur Échange
33%
020/132 Peu commune Feu Feunard
33%
026/132 Commune Feu Flambino
33%
037/132 Commune Eau Flingouste
33%
042/132 Commune Eau Frissonille
33%
084/132 Peu commune Combat Gigansel
33%
147/132 Illustration rare Combat Gigansel
33%
019/132 Commune Feu Goupix
33%
138/132 Illustration rare Feu Goupix
33%
063/132 Peu commune Psy Groret
33%
073/132 Rare Combat Hariyama
33%
055/132 Peu commune Psy Kadabra
33%
034/132 Rare Eau Kyogre
33%
027/132 Commune Feu Lapyro
33%
041/132 Peu commune Eau Lézargus
33%
142/132 Illustration rare Eau Lézargus
33%
009/132 Peu commune Plante Macronium
33%
072/132 Commune Combat Makuhita
33%
109/132 Commune Incolore Manglouton
33%
022/132 Double rare Feu Méga-Camérupt EX
33%
156/132 Ultra rare Feu Méga-Camérupt EX
33%
050/132 Double rare Électrique Méga-Élecsprint EX
33%
158/132 Ultra rare Électrique Méga-Élecsprint EX
33%
100/132 Double rare Dragon Méga-Latias EX
33%
163/132 Ultra rare Dragon Méga-Latias EX
33%
181/132 Illustration spéciale rare Dragon Méga-Latias EX
33%
094/132 Double rare Métal Méga-Mysdibule EX
33%
162/132 Ultra rare Métal Méga-Mysdibule EX
33%
010/132 Rare Plante Méganium
33%
061/132 Peu commune Psy Munja
33%
144/132 Illustration rare Psy Munja
33%
016/132 Commune Plante Ningale
33%
017/132 Peu commune Plante Ninjask
33%
137/132 Illustration rare Plante Ninjask
33%
005/132 Peu commune Plante Noadkoko
33%
135/132 Illustration rare Plante Noadkoko
33%
004/132 Commune Plante Noeunoeuf
33%
111/132 Commune Incolore Nounourson
33%
154/132 Illustration rare Incolore Nounourson
33%
070/132 Commune Combat Onix
33%
114/132 Peu commune Dresseur Ordres du Boss (Ghetis)
33%
129/132 Peu commune Dresseur Plage de Surf
33%
124/132 Peu commune Dresseur Puissance Premium Pro
33%
174/132 Ultra rare Dresseur Puissance Premium Pro
33%
028/132 Rare Feu Pyrobut
33%
126/132 Commune Dresseur Repousse
33%
006/132 Commune Plante Saquedeneu
33%
074/132 Rare Combat Séléroc
33%
082/132 Commune Combat Selutin
33%
018/132 Commune Plante Sinistrail
33%
075/132 Peu commune Combat Solaroc
33%
062/132 Commune Psy Spoink
33%
093/132 Rare Métal Steelix
33%
150/132 Illustration rare Métal Steelix
33%
125/132 Commune Dresseur Super Bonbon
33%
175/132 Ultra rare Dresseur Super Bonbon
33%
064/132 Rare Psy Xerneas
33%
040/132 Commune Eau Arrozard
17%
044/132 Commune Eau Bekaglaçon
17%
105/132 Commune Incolore Cadoizo
17%
152/132 Illustration rare Incolore Cadoizo
17%
012/132 Peu commune Plante Celebi
17%
079/132 Commune Combat Coatox
17%
085/132 Peu commune Obscurité Colhomard
17%
128/132 Peu commune Dresseur Compteur de Temps Étrange
17%
078/132 Commune Combat Cradopaud
17%
123/132 Peu commune Dresseur Dame du Centre Pokémon
17%
071/132 Commune Combat Débugant
17%
118/132 Peu commune Dresseur Défense de Fer
17%
032/132 Commune Eau Démanta
17%
095/132 Rare Métal Dialga
17%
081/132 Peu commune Combat Dolman
17%
115/132 Commune Dresseur Échange d'Énergie
17%
033/132 Commune Eau Écrapince
17%
106/132 Commune Incolore Écrémeuh
17%
113/132 Peu commune Dresseur Espièglerie de Margie
17%
165/132 Ultra rare Dresseur Espièglerie de Margie
17%
183/132 Illustration spéciale rare Dresseur Espièglerie de Margie
17%
117/132 Peu commune Dresseur Forêt de Vitalité
17%
098/132 Peu commune Métal Forgelina
17%
097/132 Commune Métal Forgella
17%
096/132 Commune Métal Forgerette
17%
052/132 Commune Électrique Galvaran
17%
143/132 Illustration rare Électrique Galvaran
17%
038/132 Rare Eau Gamblast
17%
141/132 Illustration rare Eau Gamblast
17%
089/132 Commune Obscurité Goupilou
17%
013/132 Commune Plante Grainipiot
17%
091/132 Commune Obscurité Gribouraigne
17%
149/132 Illustration rare Obscurité Gribouraigne
17%
029/132 Commune Feu Grillepattes
17%
099/132 Peu commune Métal Gromago
17%
023/132 Commune Feu Hélionceau
17%
139/132 Illustration rare Feu Hélionceau
17%
131/132 Commune Dresseur Hyper Ball
17%
053/132 Commune Électrique Iguolta
17%
122/132 Peu commune Dresseur Jardin Mystère
17%
172/132 Ultra rare Dresseur Jardin Mystère
17%
107/132 Commune Incolore Laporeille
17%
039/132 Commune Eau Larméléon
17%
057/132 Commune Psy Lippoutou
17%
108/132 Commune Incolore Lockpin
17%
045/132 Commune Électrique Magnéti
17%
046/132 Commune Électrique Magnéton
17%
047/132 Peu commune Électrique Magnézone
17%
080/132 Peu commune Combat Marshadow
17%
146/132 Illustration rare Combat Marshadow
17%
121/132 Peu commune Dresseur Méga Signal
17%
171/132 Ultra rare Dresseur Méga Signal
17%
067/132 Commune Psy Mordudor
17%
120/132 Peu commune Dresseur Négociation de Major Bob
17%
170/132 Ultra rare Dresseur Négociation de Major Bob
17%
185/132 Illustration spéciale rare Dresseur Négociation de Major Bob
17%
024/132 Peu commune Feu Némélios
17%
051/132 Commune Électrique Pachirisu
17%
102/132 Commune Incolore Piafabec
17%
151/132 Illustration rare Incolore Piafabec
17%
014/132 Commune Plante Pifeuil
17%
167/132 Ultra rare Dresseur Poffin Copain-Copain
17%
048/132 Rare Électrique Raikou
17%
103/132 Commune Incolore Rapasdepic
17%
090/132 Commune Obscurité Roublenard
17%
127/132 Peu commune Dresseur Ruines Risquées
17%
068/132 Commune Combat Sabelette
17%
069/132 Commune Combat Sablaireau
17%
030/132 Peu commune Feu Scolocendre
17%
087/132 Peu commune Obscurité Spiritomb
17%
148/132 Illustration rare Obscurité Spiritomb
17%
092/132 Commune Obscurité Tag-Tag
17%
015/132 Peu commune Plante Tengalice
17%
066/132 Peu commune Psy Tomberro
17%
145/132 Illustration rare Psy Tomberro
17%
065/132 Commune Psy Toutombe
17%
025/132 Peu commune Feu Volcanion
17%
031/132 Peu commune Feu Yuyu
17%
088/132 Rare Obscurité Yveltal
17%
Aucun quiz correspondant
Distribution des résultats
% des personnes avec chaque résultat
Percentile par nombre de réponses
Votre historique - résultats
Vous n’avez pas pris ce quiz